000 00437nam a2200157 i 4500
001 70964
003 ES-MaACL
005 20230906170959.0
007 t|
008 040804s1964 sp ||||1| spa d
100 0 _aGascó Contell, Emilio.
_955842
245 1 0 _aMes y medio en Puerto Rico /
_cEmilio Gasco Contell.
260 _aMadrid :
_bAfrodisio Aguado,
_c1964.
300 _a71 p. ;
_c22 cm.
852 _aES-MaACL
_jC-25228
_bR.53955
999 _c70964
_d70964